000 00792nam a2200241Ia 4500
003 OSt
005 20220923211222.0
006 a|||||r|||| 00| 0
007 ta
008 Pun
020 _a9788130202297 (hbk)
_c700
024 _a282,338
037 _b853, 12/08/2014, H.K. Prakashan
_cTextual
040 _aARTS
_cARTS
_bPun
041 _2Pun
_aPun
082 _aSk, 153Q3
100 _aਜੰਮੂ, ਪਰਕਾF ਸਿੰਘ
_9159878
245 0 _aਸਮਾਜ ਵਿਗਿਆਨ ਦਾ ਵਿFਾ ਕੋF
260 _aਪਟਿਆਲਾ
_b ਪੰਜਾਬੀ ਯੂਨੀਵਰਸਿਟੀ
_c2013
300 _a508ਪੰ
_ccm.
942 _hSk, 153Q3
_cTEXL
_2CC
999 _c297153
_d297153